00894nam a2200277 a 450000100060000000300080000600500170001400800410003102000320007203500190010404000230012304100080014608200220015410000230017624500820019925000120028126000310029330000390032450000660036350000220042950400430045165000160049470000210051070000270053170000580055868163BD-RjUL20211209081734.0170330s1984 nyua b 001 0 eng  a0471862843 :c$23.95 (est.) a(BD-RjUL)68373 aDLCcDLCdDLCbeng aeng00a150223bKIP 19841 aKimble, Gregory A.10aPrinciples of psychology /cGregory A. Kimble, Norman Garmezy, Edward Zigler. a6th ed. aNew York :bWiley,cc1984. axv, 661, [67] p. :bill. ;c28 cm. aRev. ed. of: Principles of general psychology. 5th ed. c1980. aIncludes indexes. aBibliography: p. [35]-[51] (3rd group) 0aPsychology.1 aGarmezy, Norman.1 aZigler, Edward,d1930-1 aKimble, Gregory A.tPrinciples of general psychology.